| Registos Bibliográficos associados ao registo de autoridade |
|
Etiqueta de registo: 00254nam 2200025 450 001 2285691 003 http://id.bnportugal.gov.pt/bib/catbnp/2285691 010 ## $a978-989-8651-38-9 021 ## $aPT$b560155/26 100 ## $a20260504d2026 m y0pory01030103ba 101 0# $aeng 102 ## $aPT 105 ## $aa b 000cy 106 ## $ar 200 1# $aJapan$efestivities and rituals$fcoord. Graça Mendes Pinto$gscientific advisor António Barrento$gtexts Alexandra Curvelo... [et al.]$gtransl. Ana Rita Azevedo... [et al.]$gfot. Ângelo Neves... [et al.] 210 #9 $a[S.l.]$cFundação Oriente - Museu do Oriente,$dD.L. 2026 215 ## $a256 p.$cil.$d28 cm 675 ## $a39(52)(042)$vBN$zpor$31999581 675 ## $a39(52)(083.82)$vBN$zpor$31999583 701 #1 $aCurvelo,$bAlexandra,$f1970-$4070$3273080 702 #1 $aPinto,$bGraça Mendes,$f1959-$4340$334484 702 #1 $aBarrento,$bAntonio Eduardo Hawthorne$4205$31572056 702 #0 $92$aAzevedo,$bAna Rita$4730$31927767 702 #1 $aNeves,$bÂngelo$4600$31997588 801 #0 $aPT$bBN$gRPC 856 41 $uhttp://rnod.bnportugal.gov.pt/ImagesBN/winlibimg.aspx?skey=&doc=2285691&img=222801&save=true 900 ## $aBIBNAC$d20260612 966 ## $lBN$mFGMON$sS.C. 169263 V.$x1 966 ## $lBN$mFGMON$sS.C. 169263 V.-D$x1 971 ## $casantos$d20260504 972 ## $e0$z0$d20260612$vlrevez 973 ## $caalmeid$d20260528 975 ## $e0$d20260617$viquintas
|
|
|